Language Quiz

Random Language or Letter Quiz

1-10 Letter H Words Quiz Stats

 Plays Quiz Updated Dec 19, 2015

Score 0/10 Timer 02:00
2 Plays Today
Clue H-Word % Correct
The English letter that looks most like a capital etaH
100%
A tropical cyclone with winds greater than 74 mphhurricane
91.4%
A form of Japanese verse with 17 syllableshaiku
87.3%
An abbreviation for the administrative center of an enterpriseHQ
86.7%
The side of a right triangle opposite the right anglehypotenuse
76.9%
An apiaryhive
59.6%
A very hot roundish chili pepperhabanero
59.5%
A poisonous herb, like the one Socrates reportedly drank to his deathhemlock
53.2%
Pompadour or pageboy, e.g.hairdo
43%
A tray or trough for carrying brickshod
30.8%

You're not logged in!

Compare scores with friends on all Sporcle quizzes.
OR
Log In

Show Comments

Extras

Top Quizzes Today


Score Distribution

Your Account Isn't Verified!

In order to create a playlist on Sporcle, you need to verify the email address you used during registration. Go to your Sporcle Settings to finish the process.

Report this User

Report this user for behavior that violates our Community Guidelines.

Details: